[Event "Politiken Cup 18th"]
[Site "Copenhagen"]
[Date "1996.??.??"]
[Round "6"]
[White "Maksimenko, Andrei"]
[Black "Liss, Eran"]
[Result "0-1"]
[WhiteElo "2545"]
[BlackElo "2480"]
[Annotator "Hecht,H"]
[PlyCount "142"]
[EventDate "1996.06.??"]
[EventType "swiss"]
[EventRounds "11"]
[EventCountry "DEN"]
[SourceTitle "CBM 054"]
[Source "ChessBase"]
[SourceDate "1996.10.01"]
[SourceVersion "1"]
[SourceVersionDate "1996.10.01"]
[SourceQuality "1"]

1. Nf3 Nf6 2. c4 c5 3. g3 Nc6 4. Bg2 d5 5. O-O e5 6. Qa4 Qd6 7. d3 Bd7 8. cxd5
Nxd5 9. Nc3 Nb6 10. Qd1 Rc8 11. Nd2 Be6 12. b3 Qd7 13. Nc4 Nd5 14. Nxd5 Bxd5
15. Bxd5 Qxd5 16. Bb2 Bd6 17. f4 Rd8 18. fxe5 Bc7 19. e4 Qe6 20. Nd6+ Bxd6 21.
exd6 O-O 22. Rf5 Rxd6 23. Qf3 b6 24. Rf1 Nd4 25. Bxd4 Rxd4 26. Qe2 a5 27. Qc2
Rd7 28. R1f3 Re8 29. h4 Ree7 30. Kg2 Rd4 31. h5 Red7 32. Qc3 h6 33. Qc2 a4 34.
R5f4 axb3 35. Qxb3 Qxb3 36. axb3 {[#] w Bauernschwächen, Gegenspielversuch auf
Mattbasis ab Zug 52 T - T+g+h: Technik (siehe auch Endspiel Nr. 20)} Rb4 37. e5
Rxb3 38. e6 fxe6 39. Rf8+ Kh7 40. Re8 Rd5 41. Rff8 (41. g4 Rdxd3 42. Rff8 Rd2+
$19) 41... Rxh5 42. Rh8+ Kg6 43. Rxe6+ Kf7 44. Rd6 Rg5 45. Rc8 b5 46. Rc7+ Kg8
47. Kf2 Rc3 48. Rdd7 c4 49. dxc4 bxc4 50. Rd4 Rgxg3 51. Rcxc4 Rxc4 52. Rxc4 Ra3
53. Kg2 Kh7 54. Rc5 Kg6 55. Rc6+ Kh5 56. Rc5+ g5 57. Rc6 g4 58. Rc5+ Kh4 59.
Rb5 h5 60. Rc5 Ra2+ 61. Kg1 g3 62. Rc4+ Kh3 63. Rc1 Re2 64. Ra1 h4 65. Rb1 Kg4
66. Rb4+ Kf3 67. Rb3+ Re3 68. Rb1 h3 69. Kh1 Re2 70. Kg1 Rd2 71. Ra1 (71. Rb3+
Kf4 72. Rb4+ Ke3 73. Rb3+ Rd3 74. Rb1 Ke2 75. Rb2+ Rd2 $19) 71... Ke2 0-1

[Event "ARM-ch"]
[Site "Yerevan"]
[Date "2000.09.02"]
[Round "4"]
[White "Danielian, Elina"]
[Black "Sargissian, Gabriel"]
[Result "0-1"]
[WhiteElo "2389"]
[BlackElo "2474"]
[Annotator "Hecht,H"]
[PlyCount "208"]
[EventDate "2000.08.30"]
[EventType "tourn"]
[EventRounds "9"]
[EventCountry "ARM"]
[EventCategory "11"]
[SourceTitle "CBM 079"]
[Source "ChessBase"]
[SourceDate "2000.11.21"]
[SourceVersion "1"]
[SourceVersionDate "2000.11.21"]
[SourceQuality "1"]

1. Nf3 c5 2. b3 Nf6 3. Bb2 e6 4. e3 b6 5. Be2 Bb7 6. O-O Be7 7. c4 O-O 8. d4
cxd4 9. Nxd4 a6 10. Nc3 d6 11. Bf3 Qc7 12. Bxb7 Qxb7 13. Qf3 Qxf3 14. Nxf3 Nbd7
15. Rfd1 Rfc8 16. Nd4 Nc5 17. f3 Nfd7 18. Kf1 Ne5 19. Ke2 f5 20. f4 Nc6 21.
Nxc6 Rxc6 22. Rac1 Kf7 23. Kf3 g5 24. h3 h5 25. g4 hxg4+ 26. hxg4 fxg4+ 27.
Kxg4 gxf4 28. exf4 b5 29. cxb5 axb5 30. Nxb5 Rxa2 31. Ba3 Rb6 32. Nxd6+ Rxd6
33. Rxd6 Rxa3 34. Rc6 Nd3 35. R1c3 Nb4 36. R6c4 Nd5 37. Rd3 Ra1 38. Rcd4 Nf6+
39. Kg3 Rb1 40. Rd1 Rxb3+ 41. R1d3 Rb5 42. Ra4 Nd5 43. Kg4 Kf6 44. Rh3 Kg6 45.
Rd3 Bf8 46. Ra6 Kf6 47. Rd4 Ne3+ 48. Kf3 Nf5 49. Re4 Rb3+ 50. Kg2 Bd6 51. Rc6
Rd3 52. Kf2 Ne7 53. Ke2 Rd5 54. Rcc4 Kf5 55. Ke3 Ng6 56. Ra4 Rb5 57. Kf3 Rb3+
58. Re3 Nh4+ 59. Ke2 Rb2+ 60. Kd3 Ng2 61. Re2 Rxe2 62. Kxe2 Nxf4+ {[#] Technik}
63. Kf3 Nd5 64. Rh4 Bf4 65. Rh5+ Bg5 66. Rh8 e5 67. Re8 Nf6 68. Ra8 e4+ 69. Ke2
Nd5 70. Ra5 Ke5 71. Ra3 Be7 72. Rb3 Kd4 73. Rg3 Nf4+ 74. Kf1 e3 75. Rxe3 Kxe3 {
[#] Schwarz bewältigt die Mattaufgabe in nur wenig mehr Zügen als nötig.} 76.
Kg1 Ne2+ 77. Kg2 Bc5 78. Kh2 Kf3 79. Kh1 Ng3+ 80. Kh2 Bd4 81. Kh3 Nf1 $5 ({
Systematischer ist die sogenannte WM-Methode, was durch die gelb markierte
Springerroute entsprechend angedeutet wird.} 81... Bg1 {[%cal Ye4g5,Yg5e6,
Ye6g7,Yg3e4]} 82. Kh4 Ne4 83. Kh5 Kf4 84. Kg6 Ng5 85. Kf6 Bc5 86. Kg6 Bd4 87.
Kh5 Kf5 88. Kh4 Bf2+ 89. Kh5 Bg3 90. Kh6 Ne6 91. Kh5 Ng7+ 92. Kh6 Kf6 93. Kh7
Kf7 94. Kh6 Bf4+ 95. Kh7 Ne6 96. Kh8 Bc1 97. Kh7 Nf8+ 98. Kh8 Bb2#) 82. Kh4 Ne3
83. Kh5 Be5 84. Kg6 Kf4 85. Kf7 Ke4 86. Ke6 Nf5 87. Kd7 Kd5 88. Kc8 Kc6 89. Kd8
Bc7+ 90. Ke8 Kd6 91. Kf7 Bd8 92. Ke8 Bh4 93. Kf7 Ke5 94. Kg6 Bd8 95. Kh5 Kf4
96. Kg6 Nd6 97. Kh6 Kf5 98. Kh5 Ne8 99. Kh6 Bg5+ 100. Kh7 Kf6 101. Kg8 Bh6 102.
Kh7 Kg5 103. Kh8 Kg6 104. Kg8 Nf6+ 0-1

[Event "Balatonbereny GM"]
[Site "Balatonbereny"]
[Date "1996.??.??"]
[Round "1"]
[White "Kallai, Gabor"]
[Black "Bacrot, Etienne"]
[Result "1/2-1/2"]
[WhiteElo "2495"]
[BlackElo "2425"]
[Annotator "Hecht,H"]
[PlyCount "101"]
[EventDate "1996.06.13"]
[EventType "tourn"]
[EventRounds "11"]
[EventCountry "HUN"]
[EventCategory "11"]
[SourceTitle "CBM 055"]
[Source "ChessBase"]
[SourceDate "1996.12.01"]
[SourceVersion "1"]
[SourceVersionDate "1996.12.01"]
[SourceQuality "1"]

1. d4 Nf6 2. c4 e6 3. Nf3 b6 4. g3 Bb7 5. Bg2 c5 6. O-O cxd4 7. Qxd4 Be7 8. Nc3
d6 9. b3 O-O 10. Ba3 d5 11. Bxe7 Qxe7 12. cxd5 Nxd5 13. Ne5 Nf6 14. Bxb7 Qxb7
15. Rfd1 Nc6 16. Nxc6 Qxc6 17. Rac1 Rac8 18. e4 Qc5 19. Qxc5 Rxc5 20. f3 Rfc8
21. Ne2 g5 22. Kf2 Kf8 23. Rxc5 Rxc5 {[#] Durch aktives Spiel erreichen beide
Seiten je 1 Doppelfreibauern mit Auflösung in ein Remisendspiel T-T, Taktik}
24. Rd8+ Kg7 25. Ra8 a5 26. Rb8 g4 27. Rxb6 Rh5 28. fxg4 Nxg4+ 29. Ke1 Nxh2 30.
a4 Re5 31. Nc3 f5 32. b4 fxe4 33. bxa5 Nf3+ 34. Kf2 Nd4 {[#]} 35. a6 (35. Nxe4
Rxe4 36. Rb4 (36. a6 Nf5 37. a5 Re5 $19) 36... Re2+ (36... Re5 $10) 37. Kf1 Rd2
38. a6 Nc6 39. a7 Rd8 40. Rb6 $10) 35... e3+ 36. Ke1 e2 (36... Rc5 $6 37. Ne2
Nf3+ 38. Kf1 Ra5 39. Kg2 Nd2 40. Nc3) 37. Nxe2 Nxe2 (37... Rxe2+ 38. Kf1 Ra2
39. Rb4 Rc2 40. a7 Rc8 41. Rb8 $18) 38. Rb5 Re4 39. a7 (39. Ra5 $2 Nc3+ 40. Kd2
Rxa4 41. Rxa4 Nxa4 42. a7 Nb6 43. Kc3 e5 44. Kb4 e4 45. Kb5 Na8 46. Kc6 e3 $19)
39... Nxg3+ 40. Kf2 Rxa4 41. Rb7+ Kg6 42. Kxg3 h5 43. Re7 Kf6 44. Rh7 Kg6 45.
Re7 h4+ 46. Kh3 Kf5 47. Rh7 e5 48. Rxh4 Rxa7 49. Kg3 Ra3+ 50. Kf2 e4 51. Rh8
1/2-1/2

[Event "Dresden zt 1.2"]
[Site "Dresden"]
[Date "1998.05.06"]
[Round "8"]
[White "Ekstroem, Roland"]
[Black "Pelletier, Yannick"]
[Result "1/2-1/2"]
[WhiteElo "2490"]
[BlackElo "2515"]
[Annotator "Hecht,H"]
[PlyCount "103"]
[EventDate "1998.04.28"]
[EventType "swiss"]
[EventRounds "11"]
[EventCountry "GER"]
[SourceTitle "CBM 065"]
[Source "ChessBase"]
[SourceDate "1998.08.06"]
[SourceVersion "1"]
[SourceVersionDate "1998.08.06"]
[SourceQuality "1"]

1. c4 Nf6 2. Nc3 c5 3. g3 e6 4. Nf3 b6 5. Bg2 Bb7 6. O-O Be7 7. d4 cxd4 8. Qxd4
d6 9. Rd1 a6 10. b3 Nbd7 11. e4 Qc8 12. Ba3 Nc5 13. e5 dxe5 14. Nxe5 Bxg2 15.
Kxg2 Qb7+ 16. Kg1 O-O 17. Qe3 Rad8 18. Qf3 Qxf3 19. Nxf3 Rxd1+ 20. Rxd1 Rd8 21.
Rxd8+ Bxd8 22. Kf1 Nce4 23. Nxe4 Nxe4 24. Bb2 g5 25. g4 f6 26. Ke2 Kf7 27. h3
Bc7 28. Nd2 Nc5 29. Bd4 Nd7 30. Ne4 Ke7 31. Bc3 Be5 32. Bb4+ Kd8 33. Ba3 Kc7
34. Be7 Kc6 35. a4 h6 36. b4 f5 37. b5+ axb5 38. axb5+ Kc7 39. gxf5 exf5 40.
Ng3 Bxg3 41. fxg3 Ne5 42. c5 bxc5 43. Bxc5 Ng6 44. Be3 h5 45. Kd3 g4 46. hxg4 (
46. h4 f4 (46... Kd6 47. Kd4 Ke6 48. b6 (48. Bd2 $5 Kd6 49. Bb4+ Kc7 $11 {
[%cal Rf5f4]}) 48... Kd6 {and Black holds. und Schwarz hält sich}) 47. Bxf4+
Kb6 48. Ke4 Kxb5 49. Kf5 $18) 46... fxg4 47. Bf2 Kb7 48. Kd4 Kb6 49. Kc4+ Kc7
50. Kd5 Kb7 51. Kd6 h4 $1 52. gxh4 (52. gxh4 Nxh4 53. Bxh4 Kb6 $11) 1/2-1/2

[Event "Elbow Beach Club GM-B"]
[Site "Paget Parish"]
[Date "2001.01.28"]
[Round "9"]
[White "Teplitsky, Yan"]
[Black "Vuckovic, Bojan"]
[Result "0-1"]
[WhiteElo "2446"]
[BlackElo "2458"]
[Annotator "Hecht,H"]
[PlyCount "150"]
[EventDate "2001.01.19"]
[EventType "tourn"]
[EventRounds "11"]
[EventCountry "BER"]
[EventCategory "9"]
[SourceTitle "CBM 081"]
[Source "ChessBase"]
[SourceDate "2001.03.20"]
[SourceVersion "1"]
[SourceVersionDate "2001.03.20"]
[SourceQuality "1"]

1. Nf3 Nf6 2. c4 c5 3. Nc3 e6 4. g3 b6 5. Bg2 Bb7 6. O-O d6 7. d4 cxd4 8. Qxd4
Be7 9. Bg5 a6 10. Bxf6 Bxf6 11. Qf4 Bxf3 12. Bxf3 Ra7 13. Ne4 Be7 14. Rad1 Rd7
15. Rd3 O-O 16. Rfd1 e5 17. Qd2 f5 18. Nxd6 e4 19. Nxe4 Rxd3 20. Qxd3 Qxd3 21.
Rxd3 fxe4 22. Bxe4 Bc5 23. e3 Re8 24. Bb7 Kf7 25. Kf1 Re7 26. Bd5+ Kf6 27. Ke2
g5 28. f4 Nd7 29. Bc6 Nf8 30. e4 gxf4 31. b4 Bxb4 32. gxf4 Rc7 33. Bd5 Ng6 34.
Kf3 Bd6 35. Rb3 Bxf4 36. Rxb6+ Kg5 37. Rxa6 Bxh2 38. Rb6 Ne5+ 39. Kg2 Bf4 40.
Rb7 Rxb7 41. Bxb7 Nxc4 {[#] "falscher" Läufer - Technik} 42. Bc8 Ne5 43. Bf5 h5
44. Be6 Bd2 45. Bc8 Bc3 46. Be6 Nd3 47. Bd7 Nf4+ 48. Kf3 {Weiß sollte vor dem
h-Bauern bleiben, evtl. den e-Bauern aufgeben und sich alles weitere zeigen
lassen.} (48. Kh2 $142 h4 49. a4 Kf6 50. Bb5 Ke5 51. Bc6 Be1 52. Bb7 Bg3+ 53.
Kh1 h3 54. Ba6 h2 55. Bf1 Ne6 56. Kg2 Ng5 57. Be2 Kf4 58. e5 Ne4 $19) 48... h4
49. Ke3 h3 50. Bxh3 Nxh3 51. Kd3 Be1 52. a4 Nf4+ 53. Kc4 Ne6 54. Kb5 Nd4+ 55.
Kb6 Nb3 56. e5 Kf5 57. e6 Kxe6 58. a5 Bxa5+ 59. Kb7 Kd7 60. Kb8 Nc5 61. Ka8 Kc6
62. Kb8 Ne6 63. Ka7 Nc7 64. Kb8 Bb6 65. Kc8 Ba7 66. Kd8 Nd5 67. Kc8 Ne7+ 68.
Kd8 Kd6 69. Ke8 Ke6 70. Kd8 Bb6+ 71. Ke8 Nd5 (71... Nf5 $142 {Matt in 9 Zügen}
72. Kf8 Bd4 73. Ke8 Bf6 74. Kf8 Be7+ 75. Kg8 Kf6 76. Kh7 Kf7 77. Kh8 Kg6 78.
Kg8 Nh6+ 79. Kh8 Bf6#) 72. Kf8 Bd8 73. Ke8 Bh4 74. Kf8 Be7+ 75. Kg7 Nf4 0-1

[Event "RUS-Cup3"]
[Site "Omsk"]
[Date "1996.??.??"]
[Round "1"]
[White "Zemerov, Vladimir"]
[Black "Dvoirys, Semen I"]
[Result "1/2-1/2"]
[WhiteElo "2400"]
[BlackElo "2570"]
[Annotator "Hecht,H"]
[PlyCount "161"]
[EventDate "1996.12.13"]
[EventType "swiss"]
[EventRounds "9"]
[EventCountry "RUS"]
[SourceTitle "CBM 057"]
[Source "ChessBase"]
[SourceDate "1997.04.01"]
[SourceVersion "1"]
[SourceVersionDate "1997.04.01"]
[SourceQuality "1"]

1. Nf3 Nf6 2. c4 c5 3. g3 b6 4. Bg2 Bb7 5. O-O g6 6. b3 Bg7 7. Bb2 O-O 8. Nc3
Na6 9. d3 d5 10. Nxd5 Nxd5 11. Bxg7 Kxg7 12. cxd5 Qxd5 13. Nh4 Qd7 14. Bxb7
Qxb7 15. Qc1 f6 16. Qb2 e5 17. a3 Nc7 18. b4 Ne6 19. bxc5 Nxc5 20. Rac1 Rac8
21. Rc4 Ne6 22. Rfc1 Rxc4 23. Rxc4 Rc8 24. Rxc8 Qxc8 25. Nf3 Qc5 26. Qb3 Qc1+
27. Kg2 Qc6 28. Kg1 a5 29. Qb2 g5 30. h3 h5 31. h4 g4 32. Ne1 Nd4 33. e3 Qc1
34. Qxc1 Ne2+ 35. Kg2 Nxc1 {[#] Freibauernbildung auf beiden Seiten. Ab Zug 52
blockierte Stellung 2-3 Bauern am K-Flügel.} 36. f3 b5 (36... f5 $142 $5) 37.
fxg4 hxg4 38. d4 b4 39. axb4 axb4 40. Nc2 b3 41. Na3 b2 42. Nb1 Nb3 43. d5 (43.
dxe5 fxe5 44. Kf2 Nc5 $17 {[%csl Rg3][%cal Rc5e4]}) 43... Nc5 44. d6 Kf7 45. h5
Kg7 46. Kf1 Kh6 47. Ke1 Kxh5 48. Kd1 Kg6 49. Kc2 Kf7 50. Nd2 Ke6 51. Kxb2 Kxd6
52. e4 {[#]} Nd3+ (52... Ke6 53. Kc3 f5 54. exf5+ Kxf5 55. Kc4 Ne4 56. Nf1 Nf2
57. Kd5 Nd1 58. Nd2 Nc3+ 59. Kc4 Ne2 60. Nf1 Ke4 61. Nh2 Kf5 62. Nf1 $15 {Idee:
} e4 63. Ne3+ (63. Kd5 $1 $11) 63... Kg5 64. Nf1 Nxg3 65. Nxg3 Kf4) 53. Kc3 Nf2
54. Kc4 Kc6 55. Kb4 Kd6 56. Kc4 Ke6 57. Kc5 Kf7 58. Kd5 Kg6 59. Nf1 Kg5 60. Ne3
Nd3 61. Nf5 Nf4+ 62. Kc4 Nh5 63. Kd5 {[#]} Nf4+ (63... Nxg3 64. Nxg3 Kf4 65.
Nf5 (65. Nh5+ Kf3 66. Ke6 g3 67. Nxg3 Kxg3 68. Kxf6 Kf4 $19) 65... g3 66. Nh4
Ke3 67. Ke6 Kxe4 68. Kxf6 Kf4 69. Ng2+ (69. Ng6+ Ke3 70. Nh4 e4 71. Ke5 Kd3 72.
Kf4 e3 73. Kxg3 $11) 69... Kf3 70. Nh4+ Kg4 71. Ng2 e4 72. Ke5 Kf3 73. Nh4+ $11
) 64. Kc4 Nh3 65. Kd3 Ng1 66. Ke3 Nf3 67. Kd3 Kh5 68. Ng7+ Kg6 69. Nf5 Ng5 70.
Ne3 Kh5 71. Nf5 Nf7 72. Kc4 Kg5 73. Kd5 Kg6 74. Ne3 Nh6 75. Ke6 Kg5 76. Ke7 f5
77. Ke6 f4 78. Nf1 f3 79. Ne3 Kg6 80. Kxe5 Kg5 81. Kd4 1/2-1/2

[Event "Bern zt"]
[Site "Bern"]
[Date "1990.??.??"]
[Round "15"]
[White "Hickl, Joerg"]
[Black "Brestian, Egon"]
[Result "1/2-1/2"]
[WhiteElo "2500"]
[BlackElo "2470"]
[Annotator "Horn,Pe"]
[PlyCount "19"]
[EventDate "1990.01.??"]
[EventType "tourn"]
[EventRounds "15"]
[EventCountry "SUI"]
[EventCategory "9"]
[SourceTitle "CBM 017"]
[Source "ChessBase"]
[SourceDate "1990.08.01"]
[SourceVersion "1"]
[SourceVersionDate "1990.08.01"]
[SourceQuality "1"]

1. Nf3 c5 2. b3 Nf6 3. Bb2 Nc6 4. e3 d5 5. Be2 (5. Bb5) 5... g6 6. c4 dxc4 7.
bxc4 Bg7 8. O-O O-O 9. d3 b6 10. Nc3 (10. Nc3 Bb7 11. a3 Qd7 12. Qc2 Ne8 13.
Rad1 Nc7 $10 {Pirc-Szabo, Amsterdam ol 1954}) 1/2-1/2

[Event "Munich SKA"]
[Site "Munich"]
[Date "1994.05.21"]
[Round "1"]
[White "Lobron, Eric"]
[Black "Huebner, Robert"]
[Result "1/2-1/2"]
[WhiteElo "2570"]
[BlackElo "2610"]
[Annotator "Huebner,R"]
[PlyCount "102"]
[EventDate "1994.05.21"]
[EventType "tourn"]
[EventRounds "11"]
[EventCountry "GER"]
[EventCategory "16"]
[SourceTitle "CBM 042"]
[Source "ChessBase"]
[SourceDate "1994.10.01"]
[SourceVersion "1"]
[SourceVersionDate "1994.10.01"]
[SourceQuality "1"]

{CBM 43} 1. c4 Nf6 2. Nf3 b6 3. g3 Bb7 4. Bg2 c5 5. O-O g6 6. d4 cxd4 7. Qxd4
Bg7 8. Nc3 O-O 9. Qh4 d6 10. Bh6 Nbd7 11. b3 Rc8 12. Rac1 Rc5 13. Bxg7 Kxg7 14.
Rfd1 Qa8 15. Qd4 Kg8 16. Ne1 Bxg2 17. Nxg2 Re8 18. Ne3 Qc8 19. Ncd5 Nxd5 20.
Nxd5 b5 21. Qh4 f6 22. Qe4 Kf7 23. Ne3 Nb6 24. Rd4 bxc4 25. bxc4 Qe6 26. Qd3
Rec8 27. Rh4 Kg8 28. Re4 Re5 29. Rxe5 Qxe5 30. Rb1 Rc5 31. Kg2 Qe6 32. Rb4 Kf7
33. a3 Qc8 34. h4 Qc6+ 35. Kh2 Re5 36. Qb3 Kg7 37. a4 Ra5 38. Nd5 Nxd5 39. cxd5
{DIAGRAMM} Rxd5 $2 (39... Qxd5 40. Qxd5 (40. Qe3 e5 (40... Kf7 {Nicht das Beste
} 41. Rb8 {Die Drohung 42.Dh6 ist nicht leicht auf befriedigende Weise zu
parieren.} (41. Re4 Qb7 {Schwarz behält einen gesunden Mehrbauern}) (41. Qh6
Qh5 {Schwarz behält einen gesunden Mehrbauern}) 41... Qh5 42. Qb3+ Qd5 43. Qe3
$10)) 40... Rxd5 41. Rb7 Kf7 (41... Re5 $143) 42. Rxa7 (42. Kg2 Ra5 43. Rb4 d5
{Weiß schwebt am Rande des Abgrundes, der Verlust heißt.}) 42... Rd2 $19) 40.
Rb8 {DIAGRAMM  /\41.e4 Hierauf führen 41... Rd2 42.Rg8+ Kh6 43.Qe3+ und 41...
Re5 42.Qg8+ Kh6 43.f3 zu baldigem Matt.} Qc5 $2 (40... f5 41. Qb2+ (41. Rd8 e5
42. Qb8 Rd1 {Dies ist nur gefährlich für Weiß.}) 41... e5 42. Rb7+ Kh6 43. Qb3
(43. Rxa7 Rd1 44. f3 Qc5 {Dies ist für Weiß nicht wünschenswert.}) 43... Rd1
$10 44. Qxd1 Qxb7 45. Qxd6 Qe4) 41. Kh3 (41. e3 $18 {/\42.Tb5, 42.Te8, 42.Db7}
Rd2 (41... Rf5 42. Qg8+ Kh6 43. Kh3 {/\44.Df8 Kh5 45.g4#} Rf3 44. Qf8+ Kh5 45.
Rb5) (41... a6 42. Re8 Re5 (42... Kf7 43. Ra8) 43. Qg8+ Kh6 44. Kh3 Qb4 (44...
f5 45. Qf8+ Kh5 46. Qg7 h6 47. Rh8) 45. Qf8+ Kh5 46. Qg7 h6 47. Rh8) 42. Qg8+
Kh6 43. Qf8+ Kh5 44. Rb5) 41... Qd4 42. Re8 Qe4 43. Rxe7+ Qxe7 44. Qxd5 Qd7+
45. Kh2 Qxa4 46. Qxd6 Qa2 47. Qd4 Qf7 48. Qc5 a6 49. e4 Qb7 50. e5 Qf7 51. Kg1
fxe5 1/2-1/2

[Event "RUS-chT 19th"]
[Site "Sochi"]
[Date "2012.04.13"]
[Round "5"]
[White "Jakovenko, Dmitrij"]
[Black "Karjakin, Sergey"]
[Result "0-1"]
[WhiteElo "2729"]
[BlackElo "2766"]
[Annotator "Karjakin,S"]
[PlyCount "106"]
[EventDate "2012.04.09"]
[EventType "team-swiss"]
[EventRounds "7"]
[EventCountry "RUS"]
[SourceTitle "CBM 148"]
[Source "ChessBase"]
[SourceDate "2012.05.16"]
[SourceVersion "1"]
[SourceVersionDate "2012.05.16"]
[SourceQuality "1"]
[WhiteTeam "Khanty Mansyisk Yugra"]
[BlackTeam "Tomsk 400"]
[WhiteTeamCountry "RUS"]
[BlackTeamCountry "RUS"]

1. Nf3 Nf6 2. c4 b6 3. g3 c5 4. Bg2 Bb7 5. O-O g6 {The double fianchetto which
I played for the first time last year against Ivan Salgado in the European
Team Championship.} 6. Nc3 Bg7 7. d4 cxd4 8. Qxd4 d6 9. Rd1 Nbd7 10. Be3 Rc8
11. Rac1 a6 12. b3 O-O 13. Qh4 Rc7 14. g4 {The most agressive move! Ivan has
played 14.Bh3, but without success.} Rc8 {A novelty which looks very strange,
as Black has just played Rc8-c7! The idea is that after g5 Nh5, White will not
attack the rook with tempo by playing Nd5. The theoretical move is 14...h6.}
15. Bh3 {Preparing g5 Nh5, Bg4. Here White has plenty of alternatives, and
only future practice might say what is the strongest.} b5 {Taking advantage of
a slight disharmony among White's pieces, Black is breaking on the queen's
flank!} 16. cxb5 ({The most natural, but} 16. g5 $5 {also deserved attention,
with very complicated play.}) 16... Qa5 17. Bd2 (17. b4 $6 Qa3 $15 {is not
good for White.}) (17. bxa6 $5 Bxf3 18. g5 (18. exf3 Ne5) 18... Rxc3 19. exf3 {
and here probably the simplest for Black is} Nd5 $5 20. Bxd7 Nxe3 21. fxe3 Rxc1
22. Rxc1 Qxa6 23. Qf2 d5 {with nice compensation for Black.}) 17... Bxf3 18.
exf3 axb5 19. g5 b4 {An important position where it looks like Black is fine.}
20. gxf6 (20. Na4 {is more principled, but Black is also fine here, for
example:} Ne5 21. Bg2 (21. Kh1 Rxc1 $132) 21... Nh5 22. Qe4 (22. f4 Nc4 $132) (
22. Rxc8 Rxc8 23. Qe4 d5 $132) 22... d5 23. Qe2 (23. Qe3 Nc4 24. bxc4 Qxa4 25.
cxd5 Bc3 $11) 23... Nc4 24. Bh3 e6 25. bxc4 Qxa4 26. cxd5 Rxc1 27. Bxc1 Rd8 28.
d6 Qc6 $11) 20... Bxf6 21. Qe4 bxc3 22. Bxd7 Rcd8 {I like this more than 22...
Rc7.} (22... Rc7 23. b4 cxd2 (23... Qxa2 24. Bb5 c2 25. Re1 Rfc8 26. Bf1 $13)
24. bxa5 dxc1=Q 25. Rxc1 Rxc1+ 26. Kg2 Rc5 27. Qa4 Rg5+ 28. Kh3 {is probably a
draw.}) 23. Bxc3 Bxc3 24. Qxe7 d5 {The position is balanced. White's extra
pawn is compensated for by the strong bishop on c3, supported by the pawn on
d4 and White's weak king.} 25. Bb5 $1 {A nice tactical move to put the bishop
on the f1-a6 diagonal.} d4 26. a4 (26. Bc4 Rc8 {[%cal Gc8c5] and Black is fine.
}) 26... Rd5 {Here we were both in time trouble and probably it is easier to
play the position with Black in a practical game.} 27. Qe4 {Probably we both
played not the most accurate moves according to the computer, but for a human
game they looked natural.} Rf5 28. Kh1 Qb6 {Transferring the queen to the
strong place on f6.} 29. Rg1 Qf6 30. Rg3 Rd8 {I was not sure what to do and
decided to put the rook on d8 just in case ...d3 would work in some lines.} 31.
Bd3 Rf4 (31... Re5 32. Qg4 h5 33. Qh3 Qf4 34. Rb1 {did not give Black anything
special.}) 32. Qb7 Qd6 33. Kg2 {By playing this move White probably wanted to
"fix a draw". There were many other moves where the position is balanced.} Rb8
34. Qa6 Qxa6 35. Bxa6 Rxb3 36. Rg4 Rf6 37. Bb5 Kg7 {Preparing ...d3.} 38. Re4
$6 ({Here I expected} 38. Rd1 $11 {and I don't think Black can do anything
here and the game should be drawn.}) 38... d3 $1 {Taking advantage of a
practical chance!} 39. Rd1 $2 {But this is already very dangerous!} ({White
had to take the pawn on d3 and after} 39. Bxd3 Bd2 40. Bc4 Rbxf3 41. Rf1 $15 {
Black is a bit better, but White should hold this without big problems.}) 39...
d2 {Here with a pawn on d2 White should be very careful!} 40. Re3 Rd6 {I don't
know what was the strongest here for White, but in 2 moves the position was
already very bad! Probably it was better not to allow the pawn on d2:-)!} 41.
Be2 Re6 42. Rxe6 $2 (42. f4 {was better according to the computer, and it is
not easy for Black to break White's defence.}) 42... fxe6 {This position is
perhaps already lost. With such a bad pawn structure White can hardly survive.}
43. Bc4 Rb4 44. Bxe6 Rxa4 45. Bd5 Rd4 {The easiest! Black transfers his bishop
to the best place, to f4!} 46. Be4 Bb4 47. Kf1 Bd6 48. Ke2 Bf4 {Here combining
threats,(going with the king to h3, and putting the rook on c1), Black wins
easily.} 49. h3 (49. Bc2 Rd5 50. Rh1 {was a little bit more stubborn, but
should also be lost for White.} (50. Be4 Rc5 $19)) 49... Kh6 50. Rg1 Rc4 51.
Bd3 Rc1 52. Rd1 Kg5 53. Bb5 Kh4 {White resigned, as after Bd7 Black has ...Rc7.
} 0-1

[Event "URS Young Masters-ch14"]
[Site "Tallinn"]
[Date "1981.??.??"]
[Round "?"]
[White "Yermolinsky, Alex"]
[Black "Ehlvest, Jaan"]
[Result "*"]
[WhiteElo "2455"]
[BlackElo "2300"]
[Annotator "Kengis,E"]
[PlyCount "38"]
[EventDate "1981.02.??"]
[EventType "tourn"]
[EventRounds "15"]
[EventCountry "URS"]
[EventCategory "7"]
[SourceTitle "EXT 2009"]
[Source "ChessBase"]
[SourceDate "2008.11.26"]
[SourceVersion "1"]
[SourceVersionDate "2008.11.26"]
[SourceQuality "1"]

1. Nf3 c5 2. c4 Nf6 3. Nc3 e6 4. g3 b6 5. Bg2 Bb7 6. O-O Be7 7. d4 cxd4 8. Qxd4
d6 9. b3 Nbd7 10. Rd1 a6 11. Ng5 Bxg2 12. Kxg2 O-O 13. Nge4 Qc7 14. Ba3 Nc5 15.
Nxc5 dxc5 16. Qf4 Qxf4 17. gxf4 b5 $1 18. Bc1 Rfb8 19. cxb5 axb5 $15 *